US Cities to State - Statistics

General Stats
  • This quiz has been taken 70 times
    65 since last reset
  • The average score is 56 of 80
Answer Stats
Question Tile Select % Correct
Alabama Laredo No
100%
Alabama Biloxi No
98%
Alabama Raleigh No
98%
Alabama Wilmington No
98%
Alabama Brownsville No
96%
Alabama Flint No
96%
Alabama Shreveport No
96%
Alabama South Bend No
96%
Alabama Chattanooga No
94%
Alabama Gulfport No
89%
Alabama Mobile Yes
89%
Alabama Montgomery Yes
89%
Alabama Birmingham Yes
87%
Alabama Huntsville Yes
83%
Illinois Ann Arbor No
81%
Illinois Kalamazoo No
81%
Virginia Rockville No
81%
Oregon Amarillo No
80%
Virginia Fort Myers No
80%
Virginia Jackson No
80%
Oregon Kalispell No
80%
Oregon Laramie No
80%
Illinois Lexington No
80%
Illinois Oshkosh No
80%
Virginia Pendleton No
80%
Oregon Bellingham No
78%
Virginia Bowling Green No
78%
Oregon Bozeman No
78%
Oregon Burbank No
78%
Oregon Butte No
78%
Virginia Charleston No
78%
Illinois Dodge City No
78%
Illinois Durham No
78%
Illinois Fort Wayne No
78%
Iowa Grand Island No
78%
Iowa Ithaca No
78%
Virginia Morgantown No
78%
Oregon Pocatello No
78%
Virginia Spartanburg No
78%
Virginia Wheeling No
78%
Iowa Minot No
76%
Oregon Ogden No
76%
Illinois Ottumwa No
76%
Illinois Racine No
76%
Iowa Rawlins No
76%
Oregon Yakima No
76%
Illinois Branson No
74%
Iowa Fort Collins No
74%
Virginia Greenville No
74%
Illinois Lake Charles No
74%
Iowa North Platte No
74%
Iowa St Cloud No
74%
Oregon Walla Walla No
74%
Virginia Columbia No
72%
Oregon Eugene Yes
72%
Iowa La Crosse No
72%
Iowa Great Falls No
69%
Illinois Joliet Yes
69%
Iowa Davenport Yes
67%
Illinois Aurora Yes
61%
Oregon Bend Yes
61%
Alabama Selma Yes
59%
Virginia Newport News Yes
57%
Iowa Rapid City No
54%
Iowa Dubuque Yes
52%
Illinois Naperville Yes
52%
Virginia Roanoke Yes
52%
Iowa Ames Yes
50%
Virginia Fairfax Yes
50%
Illinois Champaign Yes
48%
Virginia Charlottesville Yes
46%
Virginia Manassas Yes
46%
Oregon Grants Pass Yes
31%
Illinois Moline Yes
31%
Alabama Tuskegee Yes
31%
Oregon Astoria Yes
30%
Iowa Muscatine Yes
19%
Oregon Baker City Yes
17%
Iowa Clinton Yes
15%
Iowa Coralville Yes
7%
No matching quizzes found
Score Distribution
Percent of People with Each Score
Percentile by Number Answered
Your Score History
You have not taken this quiz since the last reset